000 00573nam a2200157Ia 4500
008 100122s9999 xx 000 0 und d
082 _b21957
_a920.7
100 _aटिळक लक्ष्मीबाई
245 _aस्मृतिचित्रे ( वा. क.क्र.1/6)
250 _a0
260 _bपॉप्युलर प्रकाशन
_c1968
300 _a368
630 _aस्मृतिचित्रे ( वा. क.क्र.1/6)
730 _aस्मृतिचित्रे ( वा. क.क्र.1/6)
942 _cBOOK
999 _c409911
_d409908